| 000 | 00586nam a2200229 a 4500 | ||
|---|---|---|---|
| 001 | 0001-1400 | ||
| 003 | ELIB.Books | ||
| 008 | 160803 2010 eng | ||
| 020 | _aKBTS | ||
| 035 | _a(ELIB.Books)0001-1555 | ||
| 092 |
_a241.66 _bWri |
||
| 100 | _aWright, David F. | ||
| 245 | _aA Christian Faith and Homosexuality | ||
| 260 |
_aEdinburgh _bRutherford House _c1997 |
||
| 300 |
_a33 _c20.5 Cm |
||
| 650 | _aHomosexuality | ||
| 856 |
_nKBTS Library _uKBTS: ELIB |
||
| 942 |
_2ddc _cBK |
||
| 990 | _a2 | ||
| 998 |
_cbat _e2016-08-03 _mcat _u2018-11-15 |
||
| 999 |
_c11400 _d11400 |
||